[Event "Reykjavik Open2015"]
[Site "Harpa"]
[Date "2015.03.18"]
[Round "10.5"]
[White "Hansen, Eric"]
[Black "Naroditsky, Daniel"]
[Result "1/2-1/2"]
[WhiteElo "2566"]
[BlackElo "2633"]
[PlyCount "64"]
[EventDate "2015.??.??"]
[WhiteClock "0:17:29"]
[BlackClock "0:12:23"]

1. e4 e5 2. Nf3 Nc6 3. Bb5 a6 4. Ba4 Nf6 5. O-O Be7 6. Re1 b5 7. Bb3 d6 8. c3
O-O 9. h3 Na5 10. Bc2 c5 11. d4 Nd7 12. d5 Nb6 13. Nbd2 Bd7 14. Nf1 Nb7 15. Ng3
g6 16. Bh6 Re8 17. b3 a5 18. Qe2 b4 19. c4 a4 20. Qe3 Bf6 21. h4 Qe7 22. Ng5
Bg7 23. Bxg7 Kxg7 24. f4 exf4 25. Qxf4 h6 26. Nf3 Qf6 27. Qe3 axb3 28. Bxb3 Bg4
29. e5 dxe5 30. Nxe5 h5 31. Qg5 Qxg5 32. hxg5 Nd6 1/2-1/2

[Event "Reykjavik Open2015"]
[Site "Harpa"]
[Date "2015.03.18"]
[Round "10.13"]
[White "Maze, Sebastien"]
[Black "Norowitz, Yaacov"]
[Result "1/2-1/2"]
[WhiteElo "2564"]
[BlackElo "2422"]
[PlyCount "60"]
[EventDate "2015.??.??"]
[WhiteClock "0:09:43"]
[BlackClock "0:37:27"]

1. e4 c5 2. Nf3 e6 3. c4 Nc6 4. Nc3 Nd4 5. Nxd4 cxd4 6. Ne2 e5 7. Ng3 Nf6 8.
Be2 g6 9. O-O h5 10. d3 h4 11. Nh1 d6 12. f4 Nd7 13. Bg4 Bh6 14. Bd2 Nc5 15.
Bxc8 Rxc8 16. f5 Bxd2 17. Qxd2 g5 18. b4 Nd7 19. f6 Nxf6 20. Qxg5 Nh5 21. Qf5
Qd7 22. Qxd7+ Kxd7 23. Rxf7+ Ke6 24. Rxb7 Nf4 25. Rd1 Rcf8 26. Rd2 Rhg8 27. g3
Nh3+ 28. Kg2 Nf4+ 29. Kg1 Nh3+ 30. Kg2 Nf4+ 1/2-1/2

[Event "Reykjavik Open2015"]
[Site "Harpa"]
[Date "2015.03.18"]
[Round "10.16"]
[White "Gao, Rui"]
[Black "Sarkar, Justin"]
[Result "1/2-1/2"]
[WhiteElo "2533"]
[BlackElo "2376"]
[PlyCount "91"]
[EventDate "2015.??.??"]
[WhiteClock "0:22:06"]
[BlackClock "0:11:29"]

1. e4 c6 2. Nc3 d5 3. Nf3 Nf6 4. e5 Ne4 5. d4 Nxc3 6. bxc3 Bg4 7. h3 Bxf3 8.
Qxf3 e6 9. Rb1 b5 10. Be2 Nd7 11. O-O h5 12. a4 a6 13. Ra1 Nb6 14. axb5 axb5
15. Be3 Be7 16. g3 g6 17. Kg2 Ra4 18. Rh1 Kf8 19. Bd3 Kg7 20. Qf4 Rxa1 21. Rxa1
Na4 22. Bd2 Qb8 23. Qe3 Qb7 24. f3 Nb2 25. g4 Nc4 26. Bxc4 bxc4 27. Qf4 hxg4
28. fxg4 g5 29. Qf2 Qb8 30. Rf1 Qg8 31. Be3 Kf8 32. Qd2 Qg6 33. Kg3 Kg7 34. Ra1
Qh7 35. Qg2 Rb8 36. Bc1 Qh4+ 37. Kh2 Qh8 38. Ra7 Qf8 39. Qf2 Ra8 40. Rb7 Rb8
41. Ra7 Ra8 42. Rc7 Qd8 43. Rb7 Rb8 44. Ra7 Ra8 45. Rb7 Rb8 46. Ra7 1/2-1/2

[Event "Reykjavik Open2015"]
[Site "Harpa"]
[Date "2015.03.18"]
[Round "10.20"]
[White "Brunello, Sabino"]
[Black "Antal, Tibor Kende"]
[Result "0-1"]
[WhiteElo "2540"]
[BlackElo "2317"]
[PlyCount "56"]
[EventDate "2015.??.??"]
[WhiteClock "1:10:15"]
[BlackClock "0:21:52"]

1. d4 Nf6 2. c4 e6 3. Nc3 Bb4 4. e3 O-O 5. Nge2 d5 6. a3 Be7 7. cxd5 exd5 8. h3
c6 9. g4 Ne8 10. Ng3 Nd6 11. Bg2 f5 12. O-O Bh4 13. Nh5 Nd7 14. Nf4 Nf6 15. f3
Qe7 16. b3 b6 17. a4 Ba6 18. Nd3 h5 19. gxh5 Nxh5 20. f4 Ng3 21. Rf3 Nde4 22.
Ne2 Nxe2+ 23. Qxe2 Qb4 24. Nxb4 Bxe2 25. Nxc6 Rac8 26. Nxa7 Rc2 27. Ba3 Bxf3
28. Bxf3 Rf6 0-1

[Event "Reykjavik Open2015"]
[Site "Harpa"]
[Date "2015.03.18"]
[Round "10.23"]
[White "Christiansen, Johan-Sebastian"]
[Black "Georgiadis, Nico"]
[Result "1/2-1/2"]
[WhiteElo "2351"]
[BlackElo "2468"]
[PlyCount "158"]
[EventDate "2015.??.??"]

1. c4 f5 2. g3 Nf6 3. Bg2 g6 4. Nc3 Bg7 5. d3 O-O 6. e4 fxe4 7. dxe4 d6 8. Nge2
c5 9. O-O Nc6 10. h3 e5 11. Nd5 Nxd5 12. cxd5 Nd4 13. Nxd4 exd4 14. Re1 Bd7 15.
Bf4 Qc7 16. Rc1 Rae8 17. Qb3 Rf7 18. a4 b6 19. Qa2 Ref8 20. Rc2 Kh8 21. b4 Rxf4
22. gxf4 Rxf4 23. bxc5 bxc5 24. Qb3 Qa5 25. Rb1 Be5 26. Ra2 Kg7 27. Qd3 Rf7 28.
Rb7 g5 29. Bf1 Kh6 30. Qd2 Qd8 31. Bb5 Bf4 32. Qd1 Bg4 33. Qxg4 Rxb7 34. Kg2
Qf6 35. Ra3 Qe5 36. Qf3 Kg7 37. Rb3 h6 38. Qe2 Qf6 39. Rf3 Re7 40. Rb3 Rb7 41.
Qf3 Be5 42. Qh5 Qf4 43. Rf3 Qh2+ 44. Kf1 d3 45. Rxd3 Qh1+ 46. Ke2 Qxe4+ 47. Re3
Qxd5 48. Qe8 Rf7 49. Kf1 Qh1+ 50. Ke2 Qg2 51. Kd1 Qg1+ 52. Re1 Qxf2 53. Bd3 c4
54. Rf1 Qxf1+ 55. Bxf1 Rxf1+ 56. Ke2 Rf7 57. Qc8 c3 58. h4 gxh4 59. Qg4+ Kf8
60. Qxh4 Re7 61. Kd3 Bg7 62. Qh5 Rf7 63. Qd5 Be5 64. Qe6 Rf3+ 65. Ke2 Rf6 66.
Qc8+ Kg7 67. Qd7+ Rf7 68. Qg4+ Kf8 69. Kd3 Rf2 70. Ke3 Rh2 71. Qc8+ Kg7 72.
Qd7+ Kg6 73. Qe6+ Kg5 74. Qg8+ Kf6 75. Qf8+ Ke6 76. Qe8+ Kf6 77. Qf8+ Ke6 78.
Qe8+ Kf6 79. Qf8+ Ke6 1/2-1/2

[Event "Reykjavik Open2015"]
[Site "Harpa"]
[Date "2015.03.18"]
[Round "10.27"]
[White "Ni, Shiqun"]
[Black "Colovic, Aleksandar"]
[Result "1-0"]
[WhiteElo "2315"]
[BlackElo "2482"]
[PlyCount "109"]
[EventDate "2015.??.??"]

1. e4 c5 2. Nf3 e6 3. c4 Nc6 4. Be2 g5 5. h3 Bg7 6. d3 h6 7. Nc3 d6 8. Be3 f5
9. exf5 exf5 10. Nh2 Nf6 11. Bh5+ Nxh5 12. Qxh5+ Kf8 13. f4 Nb4 14. Kd2 gxf4
15. Bxf4 d5 16. Rae1 Bd7 17. Qg6 Qf6 18. Qxf6+ Bxf6 19. cxd5 Kf7 20. Nf3 Bxc3+
21. bxc3 Nxd5 22. Bd6 Rhg8 23. Rhg1 Rae8 24. Ne5+ Ke6 25. Bxc5 Nf4 26. Ng6+ Kd5
27. Nxf4+ Kxc5 28. Rxe8 Rxe8 29. Re1 Rxe1 30. Kxe1 b5 31. a3 a5 32. Kf2 b4 33.
axb4+ axb4 34. cxb4+ Kxb4 35. Ke3 Kc5 36. g3 Bc8 37. h4 Bd7 38. Ng6 Kd5 39. Kf4
Kd6 40. h5 Bb5 41. Kxf5 Bxd3+ 42. Kf6 Be2 43. Nf4 Bg4 44. Kg6 Ke5 45. Kxh6 Kf6
46. Nd5+ Kf7 47. Ne3 Be2 48. g4 Bd3 49. g5 Be4 50. g6+ Kg8 51. Kg5 Bd3 52. h6
Be4 53. Nf5 Kh8 54. g7+ Kh7 55. Ne7 1-0

[Event "Reykjavik Open2015"]
[Site "Harpa"]
[Date "2015.03.18"]
[Round "10.33"]
[White "Sequera Paolini, Jose Rafael"]
[Black "Niemann, Hans M"]
[Result "1/2-1/2"]
[WhiteElo "2408"]
[BlackElo "2275"]
[PlyCount "127"]
[EventDate "2015.??.??"]

1. e4 d5 2. exd5 Qxd5 3. Nc3 Qd6 4. d4 c6 5. g3 Nf6 6. Bg2 Bf5 7. Nf3 Nbd7 8.
O-O e6 9. Qe2 Qc7 10. Nd2 Bxc2 11. Nc4 Bg6 12. Bf4 Qd8 13. d5 Nxd5 14. Nxd5
cxd5 15. Bxd5 Bd3 16. Qxd3 Nc5 17. Qc3 exd5 18. Rad1 Ne6 19. Qe5 d4 20. Be3 Bc5
21. b4 Qb8 22. Qd5 O-O 23. bxc5 dxe3 24. fxe3 Qc7 25. Rf5 Rad8 26. Nd6 b6 27.
Rdf1 Nxc5 28. Rxf7 Rxf7 29. Qxf7+ Qxf7 30. Nxf7 Rd2 31. Ne5 Rxa2 32. Rd1 h6 33.
h4 Ne4 34. Rd8+ Kh7 35. g4 Ra5 36. Re8 Nf6 37. Re6 g5 38. Rxf6 Rxe5 39. Rf7+
Kg6 40. Rxa7 gxh4 41. Kf2 Rb5 42. Kg2 Rb3 43. Re7 Rb1 44. Kh3 b5 45. Kxh4 b4
46. Re6+ Kf7 47. Rb6 b3 48. Rb7+ Ke6 49. Kh5 b2 50. Kg6 Ke5 51. Rb4 Kd5 52.
Rb5+ Ke4 53. Rb4+ Kxe3 54. Rb3+ Ke4 55. Rb4+ Kf3 56. Kf5 Ke3 57. Kg6 Kf3 58.
Kf5 Ke2 59. Kg6 Ke3 60. Rb3+ Kf4 61. Rb4+ Kg3 62. Kg7 Kf3 63. Kg6 Ke3 64. Rb3+
1/2-1/2

[Event "Reykjavik Open2015"]
[Site "Harpa"]
[Date "2015.03.18"]
[Round "10.34"]
[White "Soors, Stef"]
[Black "Karason, Askell O"]
[Result "0-1"]
[WhiteElo "2408"]
[BlackElo "2274"]
[PlyCount "78"]
[EventDate "2015.??.??"]

1. e4 d6 2. d4 Nf6 3. Nc3 g6 4. Be3 a6 5. Be2 Bg7 6. h4 h5 7. Nf3 b5 8. Ng5 O-O
9. f3 Nbd7 10. g4 e5 11. d5 Re8 12. Bd3 Nc5 13. Ne2 hxg4 14. Ng3 Nxd3+ 15. Qxd3
Nh5 16. Nxh5 gxh5 17. Rf1 f6 18. Ne6 Rxe6 19. dxe6 Bxe6 20. Rg1 Kh8 21. fxg4
Bxg4 22. Kd2 c6 23. Rxg4 hxg4 24. Rg1 d5 25. Kc1 Qd7 26. Qd1 f5 27. exf5 Qxf5
28. Rxg4 Rf8 29. Rg1 Qf3 30. Qe1 d4 31. Bg5 e4 32. h5 Qf2 33. h6 Be5 34. Qd1 e3
35. Rh1 e2 36. Qe1 Bf4+ 37. Bxf4 Qxf4+ 38. Kb1 Qf1 39. Kc1 Qxh1 0-1

[Event "Reykjavik Open2015"]
[Site "Harpa"]
[Date "2015.03.18"]
[Round "10.36"]
[White "Byron, Alan M"]
[Black "Thorfinnsson, Bjorn"]
[Result "1/2-1/2"]
[WhiteElo "2172"]
[BlackElo "2403"]
[PlyCount "59"]
[EventDate "2015.??.??"]

1. e4 e5 2. Nf3 Nc6 3. Bb5 f5 4. d3 d6 5. Bg5 Be7 6. Qd2 Bxg5 7. Qxg5 Nf6 8.
Bc4 Qe7 9. Nc3 Nd4 10. Nxd4 exd4 11. Ne2 Bd7 12. O-O O-O-O 13. Nxd4 fxe4 14.
Qa5 Kb8 15. Rae1 d5 16. Bb3 Qe5 17. Nf3 Qh5 18. dxe4 b6 19. Qc3 Nxe4 20. Qe5
Qxe5 21. Nxe5 Bb5 22. Nf7 Nd2 23. Nxh8 Rxh8 24. Rd1 Nxf1 25. Rxd5 Re8 26. Rxb5
Nd2 27. f3 c5 28. a4 Kc7 29. a5 Nxb3 30. axb6+ 1/2-1/2

[Event "Reykjavik Open 2015"]
[Site "Reykjavik, "]
[Date "2015.03.18"]
[Round "10.69"]
[White "Brzezinski, Adam"]
[Black "Birkisson, Bardur Orn"]
[Result "1-0"]
[WhiteElo "2150"]
[BlackElo "1839"]
[PlyCount "159"]
[EventDate "2015.03.10"]

1. d4 Nf6 2. c4 e6 3. Nc3 Bb4 4. e3 b6 5. Nge2 Bb7 6. a3 Be7 7. d5 O-O 8. Ng3
d6 9. Be2 Nbd7 10. O-O a5 11. b3 Re8 12. e4 Bf8 13. Bb2 g6 14. f4 Bg7 15. Qc2
exd5 16. exd5 Nc5 17. Bf3 Ba6 18. Rad1 Bc8 19. Nb5 Bg4 20. Bxf6 Bxf6 21. Bxg4
h5 22. Bf3 h4 23. Ne4 Bg7 24. Rfe1 Bh6 25. g3 Nxe4 26. Rxe4 Qd7 27. Rde1 hxg3
28. hxg3 Rxe4 29. Rxe4 Re8 30. Rxe8+ Qxe8 31. Qe2 Qd8 32. Kg2 Bg7 33. Na7 Bf6
34. Nc6 Qf8 35. Bg4 Kg7 36. Bd7 Qh8 37. a4 Qh6 38. Na7 g5 39. Nb5 gxf4 40. Qg4+
Kf8 41. Qxf4 Qg6 42. Bf5 Qh5 43. Bg4 Qg6 44. Nxc7 Be5 45. Qf5 Qh6 46. Ne6+ Ke8
47. Ng5 Qg6 48. Nh7 Qxf5 49. Bxf5 f6 50. g4 Kf7 51. Kh3 Bf4 52. Kh4 Be3 53. g5
fxg5+ 54. Kg4 Bc1 55. Bc2 Kg7 56. Nxg5 Kf6 57. Nf3 Be3 58. Bf5 Ke7 59. Bc8 Kf6
60. Ba6 Kg6 61. Nh4+ Kf6 62. Nf5 Bc5 63. Kf4 Ba3 64. Nd4 Bc5 65. Nc6 Kg6 66.
Na7 Kf6 67. Nc8 Bg1 68. Bb5 Bd4 69. Be8 Bg1 70. Kg4 Bc5 71. Bh5 Ke5 72. Kg5 Kd4
73. Kf6 Kc3 74. Be8 Kxb3 75. Bb5 Kc3 76. Ke6 Kd4 77. Nxd6 Ba3 78. Nb7 Bf8 79.
d6 Bxd6 80. Kxd6 1-0

[Event "Reykjavik Open 2015"]
[Site "Reykjavik, "]
[Date "2015.03.18"]
[Round "10.73"]
[White "Lux, Gregory"]
[Black "Machado, Eduardo Ribeiro"]
[Result "1/2-1/2"]
[WhiteElo "2065"]
[BlackElo "1818"]
[PlyCount "165"]
[EventDate "2015.03.10"]

1. d4 Nf6 2. Nf3 e6 3. e3 d5 4. Bd3 Be7 5. Nbd2 Nbd7 6. b3 b6 7. Bb2 Bb7 8. Ne5
Nxe5 9. dxe5 Nd7 10. O-O O-O 11. Qh5 g6 12. Qh3 Nc5 13. Be2 Ba6 14. Bxa6 Nxa6
15. e4 c6 16. Rad1 Qc7 17. exd5 cxd5 18. c4 Rfd8 19. cxd5 Rxd5 20. Rc1 Qd7 21.
Ne4 Nc5 22. Nf6+ Bxf6 23. exf6 Qd8 24. Rc4 h5 25. g4 Nd3 26. Ba1 Ne5 27. Bxe5
Rxe5 28. Qc3 Rg5 29. f3 Rd5 30. Rf2 a6 31. Rc7 b5 32. Rc2 Qd6 33. Qe3 Qf8 34.
Re7 Rad8 35. gxh5 Rxh5 36. Rc6 Rf5 37. Rcxe6 fxe6 38. Qxe6+ Kh8 39. f7 Kg7 40.
Re8 Rd1+ 41. Kg2 Rd2+ 42. Kf1 Rxf3+ 43. Ke1 Qxf7 44. Re7 Rdf2 45. Rxf7+ Rxf7
46. Qxa6 R7f5 47. a4 bxa4 48. Qxa4 Rxh2 49. Qd4+ Kh7 50. Qa7+ Kh6 51. Qe3+ Kh5
52. b4 Rg5 53. b5 Rgg2 54. Kf1 Rb2 55. Kg1 Rhe2 56. Qh3+ Kg5 57. Kf1 Rec2 58.
Qg3+ Kf5 59. Qf3+ Ke5 60. Qd1 Rd2 61. Qe1+ Kd4 62. b6 Rh2 63. Qd1+ Kc5 64. Qc1+
Kxb6 65. Qe3+ Ka5 66. Qg5+ Kb4 67. Qf4+ Ka3 68. Qd6+ Ka2 69. Qa6+ Kb3 70. Qb5+
Kc2 71. Qc6+ Kb1 72. Qxg6+ Ka1 73. Qa6+ Ra2 74. Qf6+ Rhb2 75. Ke1 Kb1 76. Qf5+
Kc1 77. Qf4+ Rd2 78. Qe3 Rac2 79. Qa3+ Kb1 80. Qb4+ Kc1 81. Qa3+ Kb1 82. Qf3
Re2+ 83. Qxe2 1/2-1/2

[Event "Reykjavik Open 2015"]
[Site "Reykjavik, "]
[Date "2015.03.18"]
[Round "10.99"]
[White "Sigurdsson, Birkir Karl"]
[Black "Sandberg, Martin"]
[Result "1/2-1/2"]
[WhiteElo "1767"]
[BlackElo "1889"]
[PlyCount "60"]
[EventDate "2015.03.10"]

1. d4 Nf6 2. c4 e6 3. Nc3 Bb4 4. e3 b6 5. Nge2 O-O 6. a3 Bxc3+ 7. Nxc3 d5 8.
cxd5 exd5 9. Bd3 Ba6 10. b4 Bxd3 11. Qxd3 c5 12. dxc5 bxc5 13. bxc5 Qa5 14. O-O
Qxc5 15. Rd1 Nc6 16. Bb2 Ne5 17. Qe2 Nc4 18. Rac1 Nxb2 19. Qxb2 Qa5 20. Qb4
Qxb4 21. axb4 Rab8 22. Nxd5 Nxd5 23. Rxd5 Rxb4 24. Ra5 Rb7 25. Rca1 Rfb8 26. g3
Rb1+ 27. Rxb1 Rxb1+ 28. Kg2 Rb7 29. Kf3 Kf8 30. e4 Ke7 1/2-1/2